La trinitaria blanca : (Registro nro. 9447)
[ vista simple ]
| 000 -LIDER | |
|---|---|
| fixed length control field | 00859cam a22002537a 4500 |
| 001 - NÚMERO DE CONTROL | |
| Identificador de número de control | 4929014 |
| 003 - IDENTIFICACDOR DE NÚMERO DE CONTROL | |
| control field | DO-SdBNP |
| 005 - DATE AND TIME OF LATEST TRANSACTION | |
| control field | 20180215095646.0 |
| 007 - CAMPOS FIJOS DE DESCRIPCIÓN FÍSICA | |
| fixed length control field | 4929014 |
| 008 - ELEMENTOS DE LONGITUD FIJA | |
| fixed length control field | 950105s1997 dr 000 0 spa |
| 010 ## - NUMERO DE CONTROL DE BIBLIOTECA DEL CONGRESO | |
| LC control number | |
| 040 ## - FUENTE DE CATALOGACIÓN | |
| Agencia que crea de manera original el registro | BPMSU |
| Agencia que realiza la transcripción | spa |
| Agencia que realiza la modificación | BPMSU |
| 050 00 - NÚMERO DE CLASIFICACIÓN BIBLIOTECA DEL CONGRESO | |
| Classification number | |
| 100 1# - ASIENTO PRINCIPAL -- NOMBRE PERSONAL | |
| Nombre personal | Rueda, Manuel. |
| 245 13 - MENCIÓN DE TITULO | |
| Título | La trinitaria blanca : |
| Subtítulo | teatro / |
| Mención de responsabilidad | Manuel Rueda. |
| 250 ## - MENCIÓN DE EDICION | |
| Mención de edición | 3a. edición |
| 260 ## - PUBLICACIÓN, DISTRIBUCIÓN, ETC. (PIE DE IMPRENTA) | |
| Lugar de publicación, distribución, etc | Santo Domingo : |
| Nombre del editor, distribuidor, etc. | Librería La Trinitaria, |
| Fecha de publicación, distribución, etc | 1997 |
| 300 ## - DESCRIPCIÓN FÍSICA | |
| Extensión | 119 p. ; |
| Dimensiones | 21 cm. |
| 520 1# - RESUMEN, ETC. | |
| Nota de resumen, etc. | "La trama gira en torno a los prejuicios familiares y sociales de una mujer. Obra realista con un desarrollo profundo de los personajes y una acción dramática bien diseñada"--Handbook of Latin American Studies, v. 58. |
| Uniform Resource Identifier | |
| 942 ## - ADDED ENTRY ELEMENTS (KOHA) | |
| Source of classification or shelving scheme | Dewey Decimal Classification |
| Koha item type | Libros |
| 945 ## - INFORMACIÓN DE PROCESAMIENTO LOCAL | |
| Información de procesamiento local | inventariado, 2018 / dg |
| 956 ## - LOCAL ELECTRONIC LOCATION AND ACCESS (OCLC) | |
| Método de acceso | VMATEO |
| Materiales especificados | 10 |
| Enlace | 20160330 |
| Campo enlazado y núm. de secuencia | BPMSU |
| Nombre de host | 0069 |
| Withdrawn status | Lost status | Source of classification or shelving scheme | Damaged status | Not for loan | Home library | Current library | Date acquired | Source of acquisition | Total Checkouts | Barcode | Date last seen | Price effective from | Koha item type |
|---|---|---|---|---|---|---|---|---|---|---|---|---|---|
| Dewey Decimal Classification | Biblioteca Pública Metropolitana Salomé Ureña | Biblioteca Pública Metropolitana Salomé Ureña | 03/30/2016 | FUNDI | BPMSU16030334 | 03/30/2016 | 03/30/2016 | Libros |